Instrucció de comptabilitat local 2004 / [elaborada per Josep Casas ... [et al.]]
Publicado:
[Barcelona] :
Diputació de Barcelona. Intervenció General. Servei d'Assitència a la Gestió Econòmica Local ,
2005
Descripción Física:
v. : quadres ; 29 cm
Otros Autores:
Casas, Josep
Materias:
Finances locals -- Comptabilitat
MARC
| LEADER | 00000nam a2200000Ia 4500 | ||
|---|---|---|---|
| 001 | 19220 | ||
| 003 | BGR | ||
| 005 | 20260324175800.0 | ||
| 008 | 160829s2005 xx 000 0 cat d | ||
| 080 | |a M-5-434 | ||
| 245 | |a Instrucció de comptabilitat local 2004 / [elaborada per Josep Casas ... [et al.]] | ||
| 250 | |a 3a ed. | ||
| 260 | |a [Barcelona] : |b Diputació de Barcelona. Intervenció General. Servei d'Assitència a la Gestió Econòmica Local, |c 2005 | ||
| 300 | |a v. : |b quadres ; |c 29 cm | ||
| 650 | 0 | |a Finances locals |x Comptabilitat |9 41056 | |
| 700 | |a Casas, Josep |9 41057 | ||
| 710 | 1 | |a Barcelona (Catalunya : Província). |b Diputació |b Servei d'Assitència a la Gestió Econòmica Local |9 52408 | |
| 866 | |a 1 | ||
| 901 | |a Arxiu | ||
| 942 | |n 1 |2 udc |c MON | ||
| 952 | |0 0 |1 0 |4 0 |6 M5434 |7 1 |9 50018 |a Arxiu |b Arxiu |d 2016-12-01 |l 0 |o M-5-434 |p 19220 |r 2016-12-01 00:00:00 |w 2016-12-01 |y ARXIU | ||
| 999 | |c 53860 |d 53860 | ||